Cálculo diferencial e integral
Furkejuvvon:
| Váldodahkki: | |
|---|---|
| Materiálatiipa: | Girji |
| Giella: | espánnjágiella |
| Almmustuhtton: |
Barcelona
Montaner y Simon
1970
|
| Fáttát: | |
| Fáddágilkorat: |
Lasit fáddágilkoriid
Eai fáddágilkorat, Lasit vuosttaš fáddágilkora!
|
MARC
| LEADER | 00000nam a2200000 a 4500 | ||
|---|---|---|---|
| 001 | UCY8362 | ||
| 003 | CL-VaPUC | ||
| 008 | 950703e19700000SP |||||||||||||||||spa|d | ||
| 082 | 0 | 4 | |a 515.33 |b PIS |2 21 |
| 100 | 0 | |a Piskunov, N |e author |9 339643 | |
| 245 | 1 | 0 | |a Cálculo diferencial e integral |
| 300 | |a 1019 p | ||
| 942 | |c BK | ||
| 945 | |d 19950703 00:00:00 |a awong | ||
| 260 | |a Barcelona |b Montaner y Simon |c 1970 | ||
| 650 | 0 | |a Cálculo diferencial |9 260102 | |
| 650 | 0 | |a Cálculo integral |9 260103 | |
| 650 | 7 | |a DERIVADAS CALCULO |2 CL-VaPUC |9 339644 | |
| 650 | 0 | |a Ecuaciones diferenciales |9 260083 | |
| 583 | |a last modification |c 19950703 00:00:00 |k Rodrigo Vera | ||
| 999 | |c 235628 |d 235626 | ||
| 952 | |0 0 |1 0 |4 0 |6 515_330000000000000_PIS_1970 |7 0 |8 A |9 243170 |a BIBMAT |b BIBMAT |d 2019-11-18 |i 3094871 |o 515.33 PIS 1970 |p 3094871 |r 2025-01-07 |w 2019-11-18 |y BK |k MAT | ||
| 952 | |0 0 |1 0 |4 0 |6 515_330000000000000_PIS_1970 |7 0 |8 A |9 243171 |a BIBCUR |b BIBCUR |d 2019-11-18 |i 1783750 |o 515.33 PIS 1970 |p 1783750 |r 2025-04-22 |w 2019-11-18 |y BK |k BCB | ||
| 952 | |0 0 |1 0 |4 0 |6 515_330000000000000_PIS_1970 |7 0 |8 A |9 243172 |a BIBMAT |b BIBMAT |d 2019-11-18 |i 1494635 |o 515.33 PIS 1970 |p 1494635 |r 2025-01-07 |w 2019-11-18 |y BK |k MAT | ||
| 952 | |0 0 |1 0 |4 0 |6 515_330000000000000_PIS_1970 |7 0 |8 A |9 243173 |a BIBMEC |b BIBMEC |d 2019-11-18 |i 3496414 |o 515.33 PIS 1970 |p 3496414 |r 2024-01-19 |w 2019-11-18 |y BK |k MEC | ||